000 00298nam a22001337a 4500
008 181221b xxu||||| |||| 00| 0 eng d
020 _a0139431004
041 _aeng
080 _22nd
_a616
100 _a9
101 _aPAT
245 _aThe Voice and Voice Therapy
_cBoone, D.R
942 _2udc
_cBK
999 _c53695
_d53695